Fundamentals of Business Accounting Second Edition: (Record no. 591568)
[ view plain ]
| 000 -LEADER | |
|---|---|
| fixed length control field | 01343nam a22001697a 4500 |
| 003 - CONTROL NUMBER IDENTIFIER | |
| control field | NUST |
| 005 - DATE AND TIME OF LATEST TRANSACTION | |
| control field | 20221007113730.0 |
| 020 ## - INTERNATIONAL STANDARD BOOK NUMBER | |
| International Standard Book Number | 978-983-47-1046-0 |
| 082 ## - DEWEY DECIMAL CLASSIFICATION NUMBER | |
| Classification number | 657, MAD |
| 100 ## - MAIN ENTRY--PERSONAL NAME | |
| Personal name | Ibrahim, Wan Madznah Wan,Kasim, Khairul Naziya,Bijoy,Kumar |
| 9 (RLIN) | 99465 |
| 245 ## - TITLE STATEMENT | |
| Title | Fundamentals of Business Accounting Second Edition: |
| Statement of responsibility, etc. | Wan Madznah Wan Ibrahim |
| 250 ## - EDITION STATEMENT | |
| Edition statement | 2nd Edition |
| 260 ## - PUBLICATION, DISTRIBUTION, ETC. | |
| Place of publication, distribution, etc. | New York |
| Name of publisher, distributor, etc. | Oxford Uni Press |
| Date of publication, distribution, etc. | 2013 |
| 300 ## - PHYSICAL DESCRIPTION | |
| Extent | xvi, 477: pages |
| 505 ## - FORMATTED CONTENTS NOTE | |
| Formatted contents note | Introduction to Accounting (Page-1), Recording the Accounting Information (Page-13), Business Performance Measurement (Page-39), Requirements of Information Disclosure (Page-69), Accounting for Current Assets (Page-91), Accounting for Fixed Assets (Page-111), Accounting for Partnerships (Page-133), Accounting for Companies-Formation, Shares Issuance and Dividends (Page-145), Analysis of Financial Statement (Page-161), Introduction to Management and Cost Accounting (Page-207), Accounting for Manufacturing Companies (Page-247), Product Costing (Page-265), Capital Budgeting (Page-305), Operational Budgets (Page-325), Flexible Budgets and Standard Costing (Page-357), Costing Techniques, Cost-Volume-profit and Pricing (Page-382), Accounting for Control and Performance Measurement (Page-431), Strategies Management Accounting (Page-453). |
| 942 ## - ADDED ENTRY ELEMENTS (KOHA) | |
| Source of classification or shelving scheme | |
| Koha item type | Book |
| Withdrawn status | Lost status | Source of classification or shelving scheme | Damaged status | Not for loan | Permanent Location | Current Location | Shelving location | Date acquired | Full call number | Barcode | Date last seen | Price effective from | Koha item type | Public note |
|---|---|---|---|---|---|---|---|---|---|---|---|---|---|---|
| Military College of Signals (MCS) | Military College of Signals (MCS) | General Stacks | 10/07/2022 | 657,MAD | MCS38265 | 10/07/2022 | 10/07/2022 | Book | Almirah Fresh No.45, Shelf No.5 |
